Quanta, matter, and change : (Record no. 13386)

MARC details
000 -LEADER
fixed length control field 01359cam a22002897i 4500
001 - CONTROL NUMBER
control field 15447428
003 - CONTROL NUMBER IDENTIFIER
control field EG-ScBUE
005 - DATE AND TIME OF LATEST TRANSACTION
control field 20250720105901.0
008 - FIXED-LENGTH DATA ELEMENTS--GENERAL INFORMATION
fixed length control field 080911s2009 enka f b 001 0 eng
020 ## - INTERNATIONAL STANDARD BOOK NUMBER
International Standard Book Number 9780199206063 (pbk.)
035 ## - SYSTEM CONTROL NUMBER
System control number (OCoLC)ocn243820322
040 ## - CATALOGING SOURCE
Original cataloging agency EG-ScBUE
Language of cataloging eng
Description conventions rda
Transcribing agency EG-ScBUE
Modifying agency EG-ScBUE
082 04 - DEWEY DECIMAL CLASSIFICATION NUMBER
Classification number 541.28
Edition number 22
Item number ATK
100 1# - MAIN ENTRY--PERSONAL NAME
Personal name Atkins, P. W.
Fuller form of name (Peter William),
Dates associated with a name 1940-
9 (RLIN) 11376
Relator term author.
245 10 - TITLE STATEMENT
Title Quanta, matter, and change :
Remainder of title a molecular approach to physical chemistry /
Statement of responsibility, etc Peter Atkins, professor of chemistry, University of Oxford, and Fellow of Lincoln College, Oxford, Julio de Paula, professor and dean of the College of Arts and Sciences, Lewis and Clark College, Portland, Oregon, Ronald Friedman, professor and chair of chemistry, Indiana University Purdue University Fort Wayne, Fort Wayne, Indiana.
264 #1 - PUBLICATION, DISTRIBUTION, ETC. (IMPRINT)
Place of publication, distribution, etc Oxford :
Name of publisher, distributor, etc Oxford University Press,
Date of publication, distribution, etc 2009.
300 ## - PHYSICAL DESCRIPTION
Extent xxi, 782 pages :
Other physical details color illustrations ;
Dimensions 28 cm
336 ## - CONTENT TYPE
Source rdacontent
Content type term text
Content type code txt
337 ## - MEDIA TYPE
Media type term unmediated
Source rdamedia
Media type code n
338 ## - CARRIER TYPE
Carrier type term volume
Carrier type code nc
Source rdacarrier
504 ## - BIBLIOGRAPHY, ETC. NOTE
Bibliography, etc Includes bibliographical references and index.
650 #7 - SUBJECT ADDED ENTRY--TOPICAL TERM
Topical term or geographic name as entry element Quantum chemistry
Form subdivision Textbooks.
9 (RLIN) 11377
Source of heading or term BUEsh
655 ## - INDEX TERM--GENRE/FORM
Form subdivision Reading book
700 1# - ADDED ENTRY--PERSONAL NAME
Personal name De Paula, Julio,
9 (RLIN) 11378
Relator term author.
700 1# - ADDED ENTRY--PERSONAL NAME
Personal name Friedman, Ronald,
Dates associated with a name 1962-
9 (RLIN) 11379
Relator term author.
942 ## - ADDED ENTRY ELEMENTS (KOHA)
Source of classification or shelving scheme Dewey Decimal Classification
Koha item type Book - Borrowing
Holdings
Withdrawn status Lost status Source of classification or shelving scheme Damaged status Not for loan Collection code Home library Current library Shelving location Date acquired Source of acquisition Cost, normal purchase price Serial Enumeration / chronology Total Checkouts Total Renewals Full call number Barcode Date last seen Date checked out Price effective from Koha item type
    Dewey Decimal Classification     Alahram Central Library Central Library First floor 14/02/2010   346.00 38 2 9 541.28 ATK 000019246 15/07/2025 16/08/2016 14/02/2010 Book - Borrowing